Southville International School and Colleges
Your cart is empty.
  • Cart
  • Lists
    Public lists Eva Luna New books Lux_list list_1
    Your lists Log in to create your own lists
  • Log in to your account
  • Your cookies
  • Search history
Southville International School and Colleges
  • Advanced search
  • Recent comments
  • Most popular
  • Libraries

Log in to your account

Log in with GOOGLE


If you do not have an external account, but do have a local account, you can still log in:

  1. Home
  2. MARC view: Johnny appleseed : my story /
Normal view MARC view ISBD view

Johnny appleseed : my story / (Record no. 342937)

[ view plain ]
MARC details
000 -LEADER
fixed length control field 00644nam a2200241Ia 4500
003 - CONTROL NUMBER IDENTIFIER
control field 20180301135250.0
005 - DATE AND TIME OF LATEST TRANSACTION
control field 20180301135539.0
008 - FIXED-LENGTH DATA ELEMENTS--GENERAL INFORMATION
fixed length control field 170918s9999 xx 000 0 und d
020 ## - INTERNATIONAL STANDARD BOOK NUMBER
International Standard Book Number 9780590426168
050 ## - LIBRARY OF CONGRESS CALL NUMBER
Item number K295 1988
100 ## - MAIN ENTRY--PERSONAL NAME
Personal name Kellogg, Steven
245 ## - TITLE STATEMENT
Title Johnny appleseed : my story /
245 ## - TITLE STATEMENT
Remainder of title a tall tale /
245 ## - TITLE STATEMENT
Statement of responsibility, etc retold and illustrated by Steven Kellogg.
260 ## - PUBLICATION, DISTRIBUTION, ETC. (IMPRINT)
Place of publication, distribution, etc New York :
260 ## - PUBLICATION, DISTRIBUTION, ETC. (IMPRINT)
Name of publisher, distributor, etc Scholastic,
260 ## - PUBLICATION, DISTRIBUTION, ETC. (IMPRINT)
Date of publication, distribution, etc 1988
300 ## - PHYSICAL DESCRIPTION
Extent unpaged :
300 ## - PHYSICAL DESCRIPTION
Other physical details colored illustration ;
300 ## - PHYSICAL DESCRIPTION
Dimensions 27cm.
500 ## - GENERAL NOTE
General note 920
942 ## - ADDED ENTRY ELEMENTS (KOHA)
Source of classification or shelving scheme Dewey Decimal Classification
Koha item type Lexile
Classification part LEX K295 1988
Holdings
Withdrawn status Lost status Damaged status Home library Current library Date acquired Total Checkouts Full call number Barcode Date last seen Price effective from Koha item type
      Stonyhurst Southville International School (Malarayat) Stonyhurst Southville International School (Malarayat) 09/18/2017   K295 1988 SSISM2009 09/18/2017 09/18/2017 Lexile

Johnny appleseed : my story /

APA

Kellogg S., .Johnny appleseed : my story. New York: .

Chicago

Kellogg Steven, .Johnny appleseed : my story. New York: .

Harvard

Kellogg S., .Johnny appleseed : my story. New York: .

MLA

Kellogg Steven, .New York: . .

  • Place hold
  • Print
  • Cite
  • Add to your cart (remove)
  • Save record
    BIBTEX Dublin Core MARCXML MARC (non-Unicode/MARC-8) MARC (Unicode/UTF-8) MARC (Unicode/UTF-8, Standard) MODS (XML) RIS
  • More searches
    Search for this title in:
    Other Libraries (WorldCat) Other Databases (Google Scholar) Online Stores (Bookfinder.com) Open Library (openlibrary.org)

Exporting to Dublin Core...

SOUTHVILLE LIBRARY

Southville International School and Colleges Library

1281 Tropical Ave. Cor. Luxembourg St., BF Homes International, Las Pinas City

Tel. No. 8256374 / 252358 Loc. 117/146

Powered by Koha